[Event "Gausdal Int"]
[Site "Gausdal"]
[Date "1991.??.??"]
[Round "1"]
[White "Dittmar, Peter"]
[Black "Yakovich, Yuri"]
[Result "1/2-1/2"]
[WhiteElo "2340"]
[BlackElo "2560"]

1.d4 d5 2.c4 dxc4 3.e4 Nf6 4.e5 Nd5 5.Bxc4 Nb6 6.Bb3 Bf5 7.Ne2 e6 8.O-O Nc6
9.Nbc3 Be7 10.Be3 O-O 11.Ng3 Bg6 12.f4 Na5 13.d5 Nxb3 14.axb3 Bb4 15.dxe6 fxe6
16.Qg4 Qe7 17.Bxb6 axb6 18.Nce4 Rad8 19.Ng5 Rfe8 20.h4 Bd3 21.Rfd1 h6 22.N5e4 Kh8
23.Rac1 Rf8 24.Qf3 Bxe4 25.Nxe4 Qxh4 26.g3 Qe7 27.Kg2 Rd7 28.Rh1 Qd8 29.Qg4 Re7
30.Qg6 Qd3 31.Rxh6+ gxh6 32.Qxh6+ Kg8 33.Qg6+ Rg7 34.Nf6+ Rxf6 35.Qxd3 Rxf4
36.Qd8+ Rf8 37.Qh4 Bc5 38.Rc2 Rf5 39.b4 Bf8 40.Qe4 c5 41.bxc5 bxc5 42.Re2 Rgf7
43.Qe3 Rd7 44.Qb3 Rd5 45.Qxb7 Rdxe5 46.Rxe5 Rxe5 47.b3 Rg5 48.Qd7 Rg7 49.Qxe6+ Kh8
50.g4 Re7 51.Qf6+ Kg8 52.Kg3 Rg7 53.g5 Rh7 54.g6 Rg7 55.Kg4 Re7 56.Kf5 Rg7
57.Qe6+ Kh8 58.Kf6 Ra7 59.Qh3+ Kg8 60.Qe6+ Kh8 61.Qb6 Rg7 62.Qd8 Kg8  1/2-1/2

[Event "Troll Masters"]
[Site "Gausdal"]
[Date "1991.??.??"]
[Round "3"]
[White "Shabalov, Alexander"]
[Black "Westerinen, Heikki MJ"]
[Result "1-0"]
[WhiteElo "2505"]
[BlackElo "2410"]

1.d4 d5 2.c4 dxc4 3.e4 e5 4.Nf3 exd4 5.Bxc4 Bb4+ 6.Bd2 Bxd2+ 7.Nbxd2 Nh6
8.O-O O-O 9.Nb3 Qe7 10.Qc2 Be6 11.Bxe6 Qxe6 12.Nfxd4 Qb6 13.Rac1 Na6 14.h3 Rfe8
15.a3 Re7 16.Rfe1 Rae8 17.Re3 f5 18.Rce1 fxe4 19.Rxe4 Qf6 20.Na5 b6 21.Nac6 Rxe4
22.Rxe4 Rxe4 23.Qxe4 Qf8 24.b4 Nf7 25.Nf5 Nb8 26.Nce7+ Kh8 27.Qh4  1-0

[Event "Gausdal Int"]
[Site "Gausdal"]
[Date "1991.??.??"]
[Round "6"]
[White "Dannevig, Oystein"]
[Black "Wegner, Hannu"]
[Result "1-0"]
[WhiteElo "2270"]
[BlackElo "2425"]

1.d4 d5 2.c4 dxc4 3.e4 Nc6 4.Be3 Nf6 5.f3 e5 6.d5 Nd4 7.Bxd4 exd4 8.Qxd4 c6
9.Nc3 cxd5 10.O-O-O Bb4 11.Bxc4 Bxc3 12.Qxc3 O-O 13.Kb1 Qb6 14.exd5 Bf5+
15.Ka1 Rac8 16.Ne2 Qc5 17.Bb3 Qf2 18.Qd2 Qxg2 19.Rhg1 Qxh2 20.Qg5 Bg6 21.Nf4 Rc5
22.Qe5 Rfc8 23.a4 Qf2 24.Rgf1 Qg3 25.Nxg6 Qxg6 26.Rg1 Qh6 27.Ka2 Ne8 28.Rg4 Qf6
29.f4 g6 30.Rg3 R5c7 31.Re3 Qd6 32.Rh3 Re7 33.Qg5 Nf6 34.Rhh1 a5 35.f5 Re5
36.Qf4 Nh5 37.Qh2 Rce8 38.Rd2 Kf8 39.Rf1 Ke7 40.fxg6 hxg6 41.Rdf2 f5 42.Rg1 Kd7
43.Rc2 R8e7 44.Qd2 Qb6 45.d6 Re2 46.Qd1  1-0

[Event "Peer Gynt"]
[Site "Gausdal"]
[Date "1991.??.??"]
[Round "7"]
[White "Djurhuus, Rune"]
[Black "Hegeler, Frank"]
[Result "1-0"]
[WhiteElo "2410"]
[BlackElo "2245"]

1.d4 d5 2.c4 dxc4 3.e4 Nc6 4.Be3 Nf6 5.f3 e5 6.d5 Ne7 7.Bxc4 a6 8.Nc3 Ng6
9.Nge2 Bd6 10.O-O O-O 11.Ng3 h6 12.Bb3 Nh4 13.Kh1 g5 14.Bc2 Ng6 15.Qd2 Nf4
16.a3 g4 17.Nce2 Nxe2 18.Nxe2 gxf3 19.gxf3 Kh8 20.Bxh6 Rg8 21.Rg1 Bd7 22.Rxg8+ Nxg8
23.Bg5 f6 24.Be3 Qe8 25.Ng3 Ne7 26.Rg1 Qf7 27.f4 f5 28.fxe5 Bxe5 29.Bd4 Bxd4
30.Qxd4+ Kh7 31.Nh5  1-0

[Event "GER CupT"]
[Site "GER"]
[Date "1991.??.??"]
[Round "?"]
[White "Boensch, Uwe"]
[Black "Mueller, Karsten"]
[Result "1-0"]
[WhiteElo "2470"]
[BlackElo "2425"]

1.d4 d5 2.c4 dxc4 3.e4 Nc6 4.Be3 Nf6 5.Nc3 Ng4 6.Bxc4 e5 7.d5 Nxe3 8.fxe3 Nb8
9.Qf3 Qh4+ 10.g3 Qg4 11.Qf2 Bd6 12.Nf3 a6 13.O-O-O Qh5 14.h3 f6 15.g4 Qf7
16.Rhf1 Nd7 17.Ng5 Qe7 18.Ne6 Nf8 19.Qf5 b5 20.Bb3 c5 21.Qh5+ g6 22.Qh4 c4
23.Bc2 Nxe6 24.dxe6 Bxe6 25.Rxf6 O-O-O 26.g5 h6 27.Nd5 Bxd5 28.exd5 hxg5
29.Qxg5 Rxh3 30.Qg4+ Qd7 31.Qxg6 Kb8 32.Bf5 Qc7 33.Bxh3 c3 34.Kb1 e4 35.Qxe4 Rh8
36.Rf3 cxb2 37.Qc2 Be5 38.Qxc7+ Kxc7 39.d6+ Bxd6 40.Rf7+ Kc6 41.Bg2+  1-0

[Event "Groningen op"]
[Site "Groningen"]
[Date "1991.??.??"]
[Round "1"]
[White "Stone, Raymond"]
[Black "Cifuentes Parada, Roberto"]
[Result "1-0"]
[WhiteElo "2355"]
[BlackElo "2535"]

1.d4 d5 2.c4 dxc4 3.e4 c5 4.d5 e6 5.Nc3 Nf6 6.Bxc4 exd5 7.exd5 a6 8.a4 Bd6
9.Qe2+ Qe7 10.Qxe7+ Kxe7 11.Bg5 h6 12.Bh4 Bf5 13.Nf3 Nd7 14.O-O Rhe8 15.Bg3 Bxg3
16.fxg3 Kd6 17.Nd2 Bg6 18.h3 Rad8 19.a5 Ne5 20.b3 Nd3 21.Bxd3 Bxd3 22.Rf3 Bb5
23.Nc4+ Kc7 24.Rd1 Bxc4 25.bxc4 Re7 26.Na4 Ne4 27.Re3 Rde8 28.Rde1 Kd6 29.Rb3 f5
30.Rb6+ Kc7 31.Nxc5 Nd6 32.Rxe7+ Rxe7 33.Ne6+ Kd7 34.c5 Nc4 35.Rxb7+ Ke8
36.Rb8+ Kf7 37.Rf8+ Kg6 38.Nf4+ Kh7 39.d6 Re1+ 40.Kf2 Rd1 41.Rxf5 Nxa5 42.Nd5 Kg6
43.d7  1-0

[Event "Gyor-J"]
[Site "Gyor"]
[Date "1991.??.??"]
[Round "?"]
[White "Koczka, Zsolt"]
[Black "Krizsany, Laszlo"]
[Result "0-1"]
[WhiteElo "2260"]
[BlackElo "2445"]

1.d4 d5 2.c4 dxc4 3.e4 c5 4.d5 e6 5.Bxc4 Nf6 6.Nc3 exd5 7.Nxd5 Nxd5 8.Bxd5 Be7
9.Nf3 O-O 10.O-O Qc7 11.h3 Nd7 12.Qc2 Nb6 13.Be3 Nxd5 14.exd5 Qd6 15.Rfd1 Rd8
16.Qe4 Bf8 17.Bg5 f6 18.Bf4 Qe7 19.Qxe7 Bxe7 20.d6 Bf8 21.Rd2 Be6 22.a3 a5
23.Rb1 a4 24.Re1 Kf7 25.Re4 Rd7 26.g4 Bb3 27.Re1 b5 28.Bg3 Rad8 29.Re3 Bc4
30.Re1 Bxd6 31.Red1 Bb3  0-1

[Event "Gyor-J"]
[Site "Gyor"]
[Date "1991.??.??"]
[Round "?"]
[White "Schroter, Tamas"]
[Black "Gyimesi, Zoltan"]
[Result "1/2-1/2"]
[WhiteElo "2300"]
[BlackElo "2225"]

1.d4 d5 2.c4 dxc4 3.e4 c5 4.d5 e6 5.Bxc4 Nf6 6.Nc3 exd5 7.Nxd5 Nxd5 8.Bxd5 Be7
9.Nf3 O-O 10.O-O Na6 11.Bf4 Nc7 12.Qd3 Nxd5 13.exd5 Bf6 14.Rac1 b6 15.b3 Qd7
16.Be5 Bb7 17.Bxf6 gxf6 18.Rfd1 Rad8 19.d6 Kh8 20.Qe3 Rg8 21.Qf4 Qe6 22.Kh1 Rg4
23.Qh6 Rxg2 24.Kxg2 Rg8+ 25.Kf1 Bxf3 26.Qe3 Qg4 27.Ke1 Qb4+ 28.Kf1 Qg4 29.Ke1 Bxd1
30.Rxd1 Qe6 31.Kf1 Qxe3 32.fxe3 Rd8 33.Ke2 f5 34.e4 fxe4 35.Ke3 f5 36.Kf4 e3
37.Kxf5 e2 38.Re1 Rxd6 39.Rxe2 Rd7 40.Kf6 h6 41.h4 Kh7 42.h5 Rd6+ 43.Kf7 Rd5
44.Re7 Rxh5  1/2-1/2

[Event "Hamburg SKA"]
[Site "Hamburg"]
[Date "1991.??.??"]
[Round "?"]
[White "Wegner, Hannu"]
[Black "Mueller, Karsten"]
[Result "1/2-1/2"]
[WhiteElo "2435"]
[BlackElo "2425"]

1.d4 d5 2.c4 dxc4 3.e4 Nc6 4.Be3 Nf6 5.Nc3 Ng4 6.e5 Bf5 7.Bxc4 e6 8.Nf3 Nxe3
9.fxe3 Be7 10.O-O O-O 11.a3  1/2-1/2

[Event "Hamburg HSK"]
[Site "Hamburg"]
[Date "1991.??.??"]
[Round "3"]
[White "Michaelsen, Nils"]
[Black "Putzbach, Gerd"]
[Result "1-0"]
[WhiteElo "2370"]
[BlackElo "2345"]

1.d4 d5 2.c4 dxc4 3.e4 e5 4.Nf3 exd4 5.Bxc4 Bb4+ 6.Nbd2 Nc6 7.O-O Nf6 8.e5 Nd5
9.Nb3 Nb6 10.Bg5 Be7 11.Bxe7 Qxe7 12.Bb5 Bd7 13.Bxc6 Bxc6 14.Nfxd4 Bd5 15.Qg4 O-O
16.f4 g6 17.Rfe1 f5 18.Qg3 c5 19.Nb5 Nc4 20.Rad1 Be6 21.Qc3 b6 22.Nd2 Nxd2
23.Rxd2 Rad8 24.Nd6 Rd7 25.a4 h6 26.a5 g5 27.axb6 axb6 28.b4 c4 29.b5 gxf4
30.Rf2 Qg5 31.Qd4 Rb8 32.Rxf4 Rc7 33.Rf3 Kh7 34.Rg3 Qh5 35.Rf1 Rc5 36.h3 Rg8  1-0

[Event "Hamburg-ch"]
[Site "Hamburg"]
[Date "1991.??.??"]
[Round "7"]
[White "Michaelsen, Nils"]
[Black "Putzbach, Gerd"]
[Result "1-0"]
[WhiteElo "2315"]
[BlackElo "2310"]

1.d4 d5 2.c4 dxc4 3.e4 e5 4.Nf3 exd4 5.Bxc4 Bb4+ 6.Nbd2 Nc6 7.O-O Nf6 8.e5 Nd5
9.Nb3 Nb6 10.Bg5 Be7 11.Bxe7 Qxe7 12.Bb5 Bd7 13.Bxc6 Bxc6 14.Nfxd4 Bd5 15.Qg4 O-O
16.f4 g6 17.Nf5 Qd7 18.Nh6+ Kg7 19.Qg5 f6 20.exf6+ Rxf6 21.Nd4 Re8 22.Ng4 Rff8
23.f5 c5 24.fxg6 cxd4 25.Rf7+  1-0

[Event "HUN-ch"]
[Site "HUN"]
[Date "1991.??.??"]
[Round "7"]
[White "Groszpeter, Attila"]
[Black "Polgar, Zsuzsa"]
[Result "1/2-1/2"]
[WhiteElo "2480"]
[BlackElo "2535"]

1.d4 d5 2.c4 dxc4 3.e4 e5 4.Nf3 Bb4+ 5.Bd2 Bxd2+ 6.Qxd2 exd4 7.Nxd4 Qe7 8.f3 Nf6
9.Bxc4 O-O 10.Nc3 Nbd7 11.O-O Rd8 12.Qe3 Nb6 13.Bb3 c5 14.Nde2 c4 15.Bc2 Nfd5
16.Qf2 Nb4 17.Ng3 Be6 18.Rad1 Nd3 19.Bxd3 cxd3 20.e5 Nc4 21.h3 Rac8 22.f4 f5
23.b3 Na3 24.Na4 Qb4 25.Qxa7 Nc2 26.Kh2 b5 27.Qb6 Qe7 28.Qxb5 Ne3 29.Rxd3 Nxf1+
30.Nxf1 Rxd3 31.Qxd3 Qb4 32.Qd2 Qxd2 33.Nxd2 Rc2 34.Nf3 Rxa2 35.Nc5 Bd5 36.Kg3 Rb2
37.h4 h6 38.h5 Kf7 39.Nh4 Rc2 40.b4 Rb2 41.Nxf5 Rxg2+ 42.Kh3 Rf2 43.Nd6+ Ke7
44.Kg4 Rg2+ 45.Kf5 Bf3 46.b5 Bxh5 47.Ke4 Re2+ 48.Kd3 Rb2 49.b6 Be8 50.Kc3 Rb1
51.Kc2 Rb4 52.Nd3 Ba4+ 53.Kc1 Rb3 54.Nc5 Rc3+ 55.Kb2 Rc2+ 56.Ka3 Bc6 57.Nb3 Rf2
58.Nd4 Kd7 59.Kb4 Rf1 60.Kc5 Rc1+ 61.Nc4 Bb7 62.Nb3 Re1 63.Nba5 Ba8 64.f5 h5
65.e6+ Ke8 66.b7 Bxb7 67.Nxb7 h4 68.Nd2 h3 69.Nf3 Re3 70.Nh2 Ke7 71.Kd4 Re2
72.Nf3 Rd2+ 73.Ke4 Rc2 74.Kf4 Rc3 75.Kg4 Rc7 76.Na5 Kf6 77.Nb3 g6 78.fxg6 Kxg6
79.Nbd4 Re7 80.Ne5+ Kh7 81.Kxh3  1/2-1/2

[Event "Katowice op"]
[Site "Katowice"]
[Date "1991.??.??"]
[Round "4"]
[White "Rajskij, Eduard"]
[Black "Donchenko, Anatoly G"]
[Result "1-0"]
[WhiteElo "2420"]
[BlackElo "2360"]

1.d4 d5 2.c4 dxc4 3.e4 Nc6 4.Be3 Nf6 5.f3 e5 6.d5 Nd4 7.Bxd4 exd4 8.Qxd4 Bb4+
9.Nc3 O-O 10.O-O-O Nd7 11.Bxc4 Bc5 12.Qd2 c6 13.Nge2 Nb6 14.Bb3 cxd5 15.Kb1 a5
16.a3 a4 17.Ba2 Ra6 18.Nf4 d4 19.Nce2 Qf6 20.Nd3 Be7 21.Nb4 d3 22.Nc1 Ra8
23.Ncxd3 Be6 24.Qf4 Qg6 25.Bxe6 Qxe6 26.Qe5 Qxe5 27.Nxe5 Bxb4 28.axb4 Rfd8
29.Rd3 f6 30.Rhd1 Rxd3 31.Nxd3 Nc4 32.Nc5 b6 33.Ne6 Kf7 34.Nc7 Ra7 35.Nb5 Ra8
36.Nd6+ Nxd6 37.Rxd6 b5 38.Rd5 Rb8 39.Kc2 Ke6 40.Kd3 g6 41.f4 h5 42.g3 h4
43.gxh4 f5 44.h5 fxe4+ 45.Kxe4 gxh5 46.Rxh5 Rc8 47.Rc5 Rh8 48.Rxb5 Rxh2 49.Rb6+ Kd7
50.Ra6 Rxb2 51.Rxa4 Kd6 52.Kf5 Ke7 53.Ra7+ Kd6 54.Rb7 Kc6 55.Rb8 Kc7 56.Rb5 Kc6
57.Rc5+ Kd6 58.Rc4 Rh2 59.Rd4+ Ke7 60.Ke5 Rh5+ 61.f5 Rh1 62.f6+ Kf7 63.Rd7+ Ke8
64.Re7+ Kd8 65.Ke6 Re1+ 66.Kf7 Rb1 67.Re4  1-0

[Event "Katowice op"]
[Site "Katowice"]
[Date "1991.??.??"]
[Round "6"]
[White "Agrest, Evgenij"]
[Black "Fominyh, Alexander"]
[Result "1/2-1/2"]
[WhiteElo "2475"]
[BlackElo "2535"]

1.d4 d5 2.c4 dxc4 3.e4 Nf6 4.e5 Nd5 5.Bxc4 Nc6 6.Ne2 Bf5 7.O-O Nb6 8.Bb3 e6
9.Nbc3 Nb4 10.Be3 Be7 11.Nf4 c6 12.a3 N4d5 13.Nfxd5 cxd5 14.g4 Bg6 15.f4 f5
16.Ba4+ Nxa4 17.Qxa4+ Qd7 18.g5 Qxa4 19.Nxa4 b6 20.Rfc1 Kd8 21.Nc3 Be8 22.Rc2 Rc8
23.Rac1 h6 24.h4 hxg5 25.hxg5 Rh3 26.Re2 Rc4 27.Kg2 Rh8 28.Rec2 Bd7 29.Kg3 a6
30.Kg2 Kc7 31.Nb1 Rxc2+ 32.Rxc2+ Kb7 33.Nc3 a5 34.Bd2 Rc8 35.Rc1 Rh8 36.Kg3 Be8
37.Kg2 Bh5 38.Nb5 Rc8 39.Rxc8 Kxc8 40.Nc3 Kb7 41.Kf2 Ka6 42.Ke3 Bg4 43.Be1 Bd8
44.Bd2 Bh3 45.Kf2 Be7 46.Be1 Bf8 47.Bd2 Bg4 48.Ke3 Bh5 49.Be1 Be8 50.Bd2 Be7
51.Be1 Bd7 52.Bd2 Kb7 53.Bc1 Kc6 54.Bd2 Bc8 55.Be1 Ba6 56.Nb1 Bf1 57.Nd2 Bg2
58.Kd3 Be4+ 59.Kc3 Kb5 60.Kb3 Bd8 61.Nf1 Bg2 62.Ne3 Bf3 63.Bd2 Be7 64.Kc3 Ka4
65.Bc1 Be4 66.b3+ Kb5 67.Nf1 Kc6 68.Ng3 Bf3 69.Bb2 Bd1 70.Bc1 Kc7 71.Nf1 Kd7
72.Ng3 Ke8 73.Kb2 b5 74.Bd2  1/2-1/2

[Event "Katowice op"]
[Site "Katowice"]
[Date "1991.??.??"]
[Round "7"]
[White "Dydyshko, Viacheslav"]
[Black "Kuporosov, Viktor"]
[Result "1-0"]
[WhiteElo "2470"]
[BlackElo "2485"]

1.d4 d5 2.c4 dxc4 3.e4 Nf6 4.e5 Nd5 5.Bxc4 Nb6 6.Bd3 Nc6 7.Be3 g6 8.Nc3 Bg7
9.a3 O-O 10.Nge2 Be6 11.Be4 Nd5 12.Rc1 Nxc3 13.Nxc3 Bf5 14.Bf3 Qc8 15.Qa4 Bd7
16.Qc4 Kh8 17.O-O Rb8 18.b4 a6 19.Bf4 Rd8 20.Rfe1 Bg4 21.d5 Bxf3 22.gxf3 Na7
23.e6 fxe6 24.Qxc7 Qxc7 25.Bxc7 Bxc3 26.Rxc3 Rbc8 27.Bxd8 Rxc3 28.Bxe7 Kg8
29.Bc5 Nb5 30.a4  1-0

[Event "Kecskemet"]
[Site "Kecskemet"]
[Date "1991.??.??"]
[Round "2"]
[White "Stajcic, Nikola"]
[Black "Mathe, Gaspar"]
[Result "1-0"]
[WhiteElo "2345"]
[BlackElo "2405"]

1.d4 d5 2.c4 dxc4 3.e4 g6 4.Bxc4 Bg7 5.Ne2 Nf6 6.Nbc3 c6 7.a4 O-O 8.a5 Na6
9.O-O Nc7 10.Qb3 Rb8 11.Bf4 b5 12.axb6 axb6 13.Ra7 Nfe8 14.d5 cxd5 15.Nxd5 e5
16.Be3 b5 17.Bc5 Na6 18.Be7 bxc4 19.Qxb8 Qxd5 20.Qxc8 Nd6 21.Qxf8+  1-0

[Event "Kecskemet Szechenyi"]
[Site "Kecskemet"]
[Date "1991.??.??"]
[Round "3"]
[White "Schroll, Gerhard"]
[Black "Krizsany, Laszlo"]
[Result "1-0"]
[WhiteElo "2370"]
[BlackElo "2445"]

1.d4 d5 2.c4 dxc4 3.e4 c5 4.Nf3 cxd4 5.Qxd4 Qxd4 6.Nxd4 Bd7 7.Bxc4 Nc6 8.Nxc6 Bxc6
9.Nc3 Rc8 10.Be3 a6 11.Nd5 e6 12.Nb6 Rd8 13.f3 Bb4+ 14.Ke2 Ne7 15.a3 Bd6
16.Rac1 Be5 17.b4 Nc8 18.Bxa6 Nxb6 19.Bxb6 Ra8 20.b5 Bxe4 21.fxe4 bxa6 22.bxa6 O-O
23.a7 Bb2 24.Rc7 Bxa3 25.Rd1 Bb2 26.Rdd7 Bf6 27.g3 Rac8 28.e5  1-0

[Event "Krumbach op"]
[Site "Krumbach"]
[Date "1991.??.??"]
[Round "2"]
[White "Lorscheid, Gerhard"]
[Black "Hegeler, Frank"]
[Result "1/2-1/2"]
[WhiteElo "2290"]
[BlackElo "2245"]

1.d4 d5 2.c4 dxc4 3.e4 Nc6 4.Nf3 Bg4 5.Be3 Bxf3 6.gxf3 e6 7.Bxc4 Qf6 8.Bb5 Bb4+
9.Nc3 Ne7 10.f4 O-O-O 11.Qa4 Nxd4 12.O-O-O Bxc3 13.Qxa7 Nec6 14.Bxc6 Nxc6
15.Qa8+ Nb8 16.bxc3 Qxc3+ 17.Kb1 Qb4+ 18.Ka1  1/2-1/2

[Event "POR-ch"]
[Site "Lisboa"]
[Date "1991.??.??"]
[Round "3"]
[White "Camejo, Rui"]
[Black "Pereira, Alvaro"]
[Result "1-0"]
[WhiteElo "2280"]
[BlackElo "2235"]

1.d4 d5 2.c4 dxc4 3.e4 e5 4.d5 Nf6 5.Nc3 Bd6 6.Bxc4 O-O 7.Nge2 Nbd7 8.O-O Qe7
9.Qc2 Rd8 10.Kh1 a6 11.a4 Nh5 12.f3 Nf8 13.g4 Nf6 14.Ng3 Ng6 15.Nce2 Nf4
16.Nxf4 exf4 17.Ne2 g5 18.Bd2 Nd7 19.h4 h6 20.hxg5 hxg5 21.Nc1 Ne5 22.Be2 Kg7
23.Nd3 Rh8+ 24.Kg2 f6 25.Nxe5 fxe5 26.Rh1 Bd7 27.Qb3 Rxh1 28.Rxh1 b6 29.Rh3 a5
30.Bb5 Bxb5 31.Qxb5 Rh8 32.Rxh8 Kxh8 33.Qc6 Kg7 34.Bc3 Kf7 35.b3 Qe8 36.Qxe8+ Kxe8
37.Kf1 Kd7 38.Ke2 c5 39.Kd3 Kc7 40.Kc4 Kb7 41.Kb5 Bc7 42.Bd2 Bd6 43.Bxa5 bxa5
44.Kxa5 Bc7+ 45.Kb5 Bd6 46.a5 Bf8 47.a6+ Kc7 48.a7 Kb7 49.a8=Q+ Kxa8 50.Kc6 Kb8
51.Kd7 Bg7 52.Ke7  1-0

[Event "Lloyds Bank op"]
[Site "London"]
[Date "1991.??.??"]
[Round "5"]
[White "Shabalov, Alexander"]
[Black "Suetin, Alexey S"]
[Result "1-0"]
[WhiteElo "2535"]
[BlackElo "2405"]

1.d4 d5 2.c4 dxc4 3.e4 e5 4.Nf3 Nf6 5.Bxc4 Bb4+ 6.Bd2 Bxd2+ 7.Nbxd2 exd4
8.e5 Ng4 9.O-O O-O 10.h3 Nh6 11.Nb3 Nc6 12.Nbxd4 Nxd4 13.Qxd4 Qe7 14.Rfd1 Be6
15.Bxe6 fxe6 16.Qd7 Rf7 17.Qxe7 Rxe7 18.Rd3 Nf7 19.Rad1 Kf8 20.Kf1 Ke8 21.Ke2 Rd8
22.Ke3 Red7 23.Rxd7 Rxd7 24.Rxd7 Kxd7 25.Ke4 c5 26.Nd2 b5 27.f4 g6 28.g4 Nd8
29.Ke3 Ke7 30.Ne4 Nb7 31.b3 h6 32.Kd3 a6 33.Kc3 Kd7 34.h4 Kc6 35.Nf6 Nd8
36.h5 gxh5 37.Nxh5 Kd7 38.Nf6+ Ke7 39.Ne4 Nb7 40.Kd3 Kf8 41.Kc3 Ke7 42.b4 cxb4+
43.Kxb4 Nd8 44.Kc5 Nf7 45.Kb6 Nh8 46.Nc5 Ng6 47.Nd3 Kd7 48.Kxa6 Kc6 49.f5 Ne7
50.fxe6 Nd5 51.Ka5 Ne3 52.Nb4+ Kc7 53.Kxb5 Nxg4 54.Nd5+ Kd8 55.a4  1-0

[Event "Wch U16"]
[Site "Mamaia"]
[Date "1991.??.??"]
[Round "?"]
[White "Kumaran, Dharshan"]
[Black "Spangenberg, Hugo"]
[Result "0-1"]
[WhiteElo "2310"]
[BlackElo "2220"]

1.d4 d5 2.c4 dxc4 3.e4 c5 4.d5 Nf6 5.Nc3 e6 6.Bxc4 exd5 7.Nxd5 Nxd5 8.Bxd5 Be7
9.Nf3 O-O 10.O-O Na6 11.Bf4 Qb6 12.Ne5 Be6 13.Nc4 Qd8 14.Qf3 Qc8 15.Qg3 Rd8
16.Rad1 Nb4 17.Bd6 Qd7 18.Bc7 Rdc8 19.Be5 f6 20.Bd6 Bxd5 21.Bxe7 Qxe7 22.exd5 Rd8
23.Rfe1 Rxd5 24.a3 Re8 25.h3 Rxd1 26.Rxd1 Nc6 27.Kh2 Nd4 28.b4 Rd8 29.Ne3 b6
30.bxc5 Qxc5 31.Qf4 Qd6 32.Qxd6 Rxd6 33.Rc1 Ne6 34.Rc8+ Rd8 35.Rc6 Kf7 36.f4 Rd3
37.Nc4 Nxf4 38.Rc7+ Kg6 39.Rxa7 b5 40.Nb6 Rd2 41.Kg3 Nxg2 42.Ra5 Rb2 43.Nd5 Ne1
44.Nf4+ Kh6 45.a4 g5 46.Nd5 Rg2+  0-1

[Event "Wch U14"]
[Site "Mamaia"]
[Date "1991.??.??"]
[Round "6"]
[White "Gretarsson, Helgi Ass"]
[Black "Gyimesi, Zoltan"]
[Result "1-0"]
[WhiteElo "2260"]
[BlackElo "2240"]

1.d4 d5 2.c4 dxc4 3.e4 c5 4.d5 e6 5.Bxc4 exd5 6.Bxd5 Bd6 7.Nf3 Ne7 8.O-O Nxd5
9.Qxd5 O-O 10.Be3 Qc7 11.Nc3 a6 12.Qh5 Be6 13.Ng5 h6 14.Nxe6 fxe6 15.Rad1 Nd7
16.Qg4 Rae8 17.Bxh6 Bxh2+ 18.Kh1 Be5 19.Bg5 Nf6 20.Bxf6 Bxf6 21.g3  1-0

[Event "Wch U14"]
[Site "Mamaia"]
[Date "1991.??.??"]
[Round "10"]
[White "Gretarsson, Helgi Ass"]
[Black "Dao Thien Hai"]
[Result "1/2-1/2"]
[WhiteElo "2260"]
[BlackElo "2205"]

1.d4 d5 2.c4 dxc4 3.e4 Nc6 4.Be3 Nf6 5.f3 e5 6.d5 Ne7 7.Nc3 Ng6 8.Bxc4 Bd6
9.Nge2 O-O 10.O-O a6 11.Qd2 Bd7 12.Nc1 Qe7 13.Nd3 Rfd8 14.Qf2 c6 15.Nc5 cxd5
16.Nxd5 Nxd5 17.Bxd5 Bc6 18.Bxc6 bxc6 19.Rac1 Nf4 20.Bxf4 exf4 21.Nb3 Rdc8
22.Rc4 Bb8 23.Qc2 Ba7+ 24.Kh1 Be3 25.Rxc6 Qe8 26.Na5 h6 27.Rxc8 Rxc8 28.Nc4 a5
29.a4 Qc6 30.b3 Qf6 31.Rd1 Qe7 32.Qc3 Rd8 33.Rd5 Rb8 34.Nxa5 Qh4 35.Rd1 Bf2
36.Nc4 Rc8 37.Qd3 Bg3 38.h3 Qf6 39.e5 Qa6 40.Qd6 Rc6 41.Qd8+ Kh7 42.Qd7 Rg6
43.Rd6 Qa8 44.Rxg6 fxg6 45.e6 Qb8 46.Qd1 Bh4 47.a5 Qb5 48.Kg1 Be7 49.Qd3 Qb4
50.Kf1 Bh4 51.Qd1 Qc5 52.Qe2 Qf5 53.g4 Qb1+ 54.Kg2 Be7 55.Nd2 Qa2 56.a6 Kg8
57.b4 Kh7 58.b5 Bc5 59.b6 Qa1 60.Nf1 Qd4 61.h4 Qg1+ 62.Kh3 Bf2 63.e7 Qh1+
64.Nh2 Qg1  1/2-1/2

[Event "FRA-ch Acc"]
[Site "Montpellier"]
[Date "1991.??.??"]
[Round "2"]
[White "Kappler, Jean Marie"]
[Black "Alet, Jean Perre"]
[Result "1/2-1/2"]
[WhiteElo "2270"]
[BlackElo "2210"]

1.d4 d5 2.c4 dxc4 3.e4 c5 4.Nf3 cxd4 5.Qxd4 Qxd4 6.Nxd4 Bd7 7.Bxc4 Nc6 8.Nxc6 Bxc6
9.Nc3 e6 10.Be3 Bb4 11.f3 Nf6 12.a3 Bxc3+ 13.bxc3 Nd7 14.Kf2 Ke7 15.Rhb1 Rhc8
16.Bf1 b6 17.a4 Bb7 18.Ra3 Ne5 19.a5 Nc4 20.Bxc4 Rxc4 21.axb6 axb6 22.Rab3 Ra2+
23.Kg3 Bc6 24.Bd4 f6 25.e5 b5 26.Re1 Rca4 27.Rbb1 Rd2 28.Ra1 Raa2 29.Rxa2 Rxa2
30.h4 f5 31.Rg1 Kf7 32.Kf4 Re2 33.Kg3 Ra2 34.Rb1 Ke8 35.Rb4 Rc2 36.Rb3 Ra2
37.Bc5 Ra4 38.Rb2 Kf7  1/2-1/2

[Event "Russian Winter op"]
[Site "Moscow"]
[Date "1991.??.??"]
[Round "?"]
[White "Furman, Boris"]
[Black "Noskov, Anatolij"]
[Result "1-0"]
[WhiteElo "2265"]
[BlackElo "2275"]

1.d4 d5 2.c4 dxc4 3.e4 Nf6 4.e5 Nd5 5.Bxc4 Nb6 6.Bd3 Nc6 7.Be3 Be6 8.Nc3 Nc4
9.Be4 Bc8 10.e6 f5 11.Bxf5 Qd6 12.Qh5+ g6 13.Bxg6+ hxg6 14.Qxh8 Nxe3 15.fxe3 Nb4
16.Nge2 Bxe6 17.O-O Bf5 18.e4 Nc2 19.exf5 Nxa1 20.fxg6  1-0

[Event "Munich"]
[Site "Munich"]
[Date "1991.??.??"]
[Round "13"]
[White "Lobron, Eric"]
[Black "Polgar, Zsuzsa"]
[Result "1-0"]
[WhiteElo "2545"]
[BlackElo "2510"]

1.d4 d5 2.c4 dxc4 3.e4 c5 4.d5 Nf6 5.Nc3 e6 6.Nf3 exd5 7.e5 Nfd7 8.Bg5 Be7
9.Bxe7 Qxe7 10.Nxd5 Qd8 11.Qc2 Nxe5 12.Qe4 Be6 13.Qxe5 Qxd5 14.Qxg7 Rf8 15.Rd1 Qe4+
16.Be2 Nd7 17.Ng5 Qg6 18.Nxe6 Qxe6 19.O-O O-O-O 20.Bg4 f5 21.Bh3 Nf6 22.Qh6 Rfe8
23.g3 Rxd1 24.Rxd1 Kc7 25.Qf4+ Qe5 26.Qxc4 Kb8 27.Qb3 Ne4 28.Rd5 Qe7 29.Qe3 Qg5
30.Qxg5 Nxg5 31.Bxf5 Nf3+ 32.Kg2 Ne1+ 33.Kf1 c4 34.Bxh7 Nf3 35.h4 Kc7 36.h5 Kc6
37.Rf5  1-0

[Event "NOR-chT"]
[Site "NOR"]
[Date "1991.??.??"]
[Round "?"]
[White "Bern, Ivar"]
[Black "Lauvsnes, Arild"]
[Result "1-0"]
[WhiteElo "2375"]
[BlackElo "2260"]

1.d4 d5 2.c4 dxc4 3.e4 c5 4.d5 e6 5.Nc3 Nf6 6.Nf3 exd5 7.e5 Nfd7 8.Bg5 Be7
9.Bxe7 Qxe7 10.Nxd5 Qd8 11.Bxc4 O-O 12.O-O Nc6 13.Re1 Na5 14.Bd3 c4 15.Bc2 Nc5
16.Qd4 Be6 17.Rad1 Qxd5 18.Bxh7+ Kxh7 19.Qh4+ Kg8 20.Ng5 Rfd8 21.Rxd5 Bxd5
22.Qh7+ Kf8 23.Qh8+ Ke7 24.Qxg7 Nd3 25.Qf6+ Kd7 26.Rd1 Kc7 27.e6 Bxe6 28.Nxe6+ fxe6
29.Qxe6 Rd6 30.Qe7+ Rd7 31.Qf6 Rad8 32.h4 b5 33.Qa6 Nb7 34.Qxb5 Rd4 35.h5 R8d5
36.Qe8 Rd8 37.Qe3 Nbc5 38.h6 Rg4 39.h7 Rg7 40.Qh6  1-0

[Event "Oostende op"]
[Site "Oostende"]
[Date "1991.??.??"]
[Round "6"]
[White "Hauchard, Arnaud"]
[Black "Piket, Jeroen"]
[Result "0-1"]
[WhiteElo "2435"]
[BlackElo "2590"]

1.d4 d5 2.c4 dxc4 3.e4 Nc6 4.Be3 Nf6 5.f3 e5 6.d5 Nd4 7.Ne2 Bb4+ 8.Nbc3 c5
9.dxc6 Nxc6 10.Qxd8+ Nxd8 11.O-O-O a6 12.g4 Be6 13.g5 Nd7 14.Nd5 Bxd5 15.Rxd5 Ne6
16.Bh3 Bc5 17.Bxc5 Ndxc5 18.Bxe6 Nd3+ 19.Kd2 fxe6 20.Rd6 O-O 21.Ke3 Nxb2
22.Rb6 c3 23.Rxb7 Rad8 24.Nxc3 Nc4+ 25.Ke2 Rd2+ 26.Ke1 Rc2 27.Ne2 Rxa2 28.Kf2 Nd2
29.Rc1 Nxf3 30.Kg3 Rxe2 31.Rcc7 Rxh2  0-1

[Event "Palma de Mallorca op"]
[Site "Palma de Mallorca"]
[Date "1991.??.??"]
[Round "?"]
[White "Flear, Glenn C"]
[Black "Slipak, Sergio"]
[Result "1/2-1/2"]
[WhiteElo "2470"]
[BlackElo "2415"]

1.d4 d5 2.c4 dxc4 3.e4 e5 4.Nf3 exd4 5.Bxc4 Bb4+ 6.Bd2 Bxd2+ 7.Nbxd2 Nc6
8.O-O Nf6 9.e5 Ng4 10.h3 Nh6 11.Nb3 Nf5 12.Qd3 O-O 13.Rfe1 Nh4 14.Rad1 Bf5
15.Qe2 Nxf3+ 16.Qxf3 Bc2 17.Rd2 Bxb3 18.Qxb3 Qg5 19.Rde2 Na5 20.Qc2 Nxc4
21.Qxc4 Rad8 22.Rd1 Qf4 23.Qxc7 d3  1/2-1/2

[Event "Palma de Mallorca op"]
[Site "Palma de Mallorca"]
[Date "1991.??.??"]
[Round "?"]
[White "Flear, Christine"]
[Black "Slipak, Sergio"]
[Result "1/2-1/2"]
[WhiteElo "2225"]
[BlackElo "2415"]

1.d4 d5 2.c4 dxc4 3.e4 e5 4.Nf3 exd4 5.Bxc4 Bb4+ 6.Bd2 Bxd2+ 7.Nbxd2 Nc6
8.O-O Nf6 9.e5 Ng4 10.h3 Nh6 11.Nb3 Nf5 12.Bb5 Qd5 13.Bxc6+ Qxc6 14.Rc1 Qb6
15.Nbxd4 O-O 16.Nxf5 Bxf5 17.Qd4 c5 18.Rxc5 Rad8 19.Rd5 Rxd5 20.Qxd5 Qxb2
21.Nd4 Bb1 22.a4 Ba2 23.Qd6 Bc4 24.Rd1 g6 25.Qc7 Qb4 26.a5 Re8 27.Nc2 Qa4
28.Ne3 Be6 29.Rd8 Rxd8 30.Qxd8+ Kg7 31.Qf6+ Kg8  1/2-1/2

[Event "CSR-ch (Women)"]
[Site "Pardubice"]
[Date "1991.??.??"]
[Round "?"]
[White "Horakova, Dana"]
[Black "Skacelova Zahorovska, Libuse"]
[Result "1-0"]
[WhiteElo "2085"]
[BlackElo "2090"]

1.d4 d5 2.c4 dxc4 3.e4 c5 4.Nf3 cxd4 5.Bxc4 Qc7 6.Qxd4 Nc6 7.Qc3 e6 8.O-O Nf6
9.e5 Bb4 10.Qb3 Ng4 11.Bb5 Ba5 12.Qa4 h5 13.h3 Nh6 14.Be3 Bb6 15.Bxb6 Qxb6
16.Na3 O-O 17.Bxc6 bxc6 18.Nc4 Qb5 19.Qc2 Nf5 20.Rfd1 Rb8 21.b3 g6 22.Rac1 Bb7
23.Nd6 Nxd6 24.Rxd6 Rfd8 25.Rcd1 Qb6 26.Ng5 Kg7 27.Ne4 Rxd6 28.exd6 e5 29.Nc5 Rd8
30.Qc3 Kg8 31.Qxe5 Bc8 32.d7  1-0

[Event "San Francisco"]
[Site "San Francisco"]
[Date "1991.??.??"]
[Round "7"]
[White "Adianto, Utut"]
[Black "Polgar, Zsuzsa"]
[Result "1/2-1/2"]
[WhiteElo "2470"]
[BlackElo "2510"]

1.d4 d5 2.c4 dxc4 3.e4 c5 4.d5 Nf6 5.Nc3 e6 6.Bxc4 exd5 7.Nxd5 Nxd5 8.Bxd5 Be7
9.Qh5 O-O 10.Nf3 Nd7 11.Ng5 Bxg5 12.Bxg5 Nf6 13.Bxf6 Qxf6 14.O-O Rb8 15.Rac1 b6
16.b4 cxb4 17.Rc7 g6 18.Qe2 Be6 19.Rxa7 Bxd5 20.exd5  1/2-1/2